| 000 | 00639cam a2200193 4500 | ||
|---|---|---|---|
| 001 | 13657 | ||
| 005 | 20230410103547.0 | ||
| 008 | 060907n1996 dr spa | ||
| 035 | _9funglode13774 | ||
| 041 | _aspa | ||
| 050 | 1 | 4 |
_a118 PQ 7409.2 _bV443t 1996 |
| 100 | 1 |
_aVeloz Maggiolo, Marcio, _d1936- |
|
| 245 | 1 | 0 |
_aTrujillo, Villa Francisca y otros fantasmas / _cMarcio Veloz Maggiolo |
| 260 |
_aSanto Domingo : _bBanco de Reservas de la República Dominicana, _c1996 |
||
| 300 |
_a399 p. : _bill. ; _c23 cm. |
||
| 440 | 0 |
_aColección Banreservas. Serie Arte y cultura ; _vvol. 4 |
|
| 650 | 4 | _aLiteratura dominicana | |
| 942 |
_2lcc _cbk |
||
| 999 |
_c21349 _d21349 |
||